Disney Animated Movies A-Z - Statistics

General Stats
  • This quiz has been taken 937 times
    647 since last reset
  • The average score is 15 of 20
Answer Stats
# Disney Movie(s) % Correct
B 8 Bambi | Beauty and the Beast | Big Hero 6 | The Black Cauldron | Bolt | Brave | Brother Bear | A Bug's Life
94%
C 6 Cars | Cars 2 | Cars 3 | Chicken Little | Cinderella | Coco
94%
F 8 Fantasia | Fantasia 2000 | Finding Dory | Finding Nemo | The Fox and the Hound | Frozen | Frozen 2 | Fun and Fancy Free
88%
A 5 The Adventures of Ichabod and Mr. Toad | Aladdin | Alice in Wonderland | The Aristocats | Atlantis: The Lost Empire
87%
L 5 Lady and the Tramp | Lightyear | Lilo & Stitch | The Lion King | The Little Mermaid | Luca
86%
P 4 Peter Pan | Pinocchio | Pocahontas | The Princess and the Frog
85%
T 9 Tangled | Tarzan | The Three Caballeros | Toy Story | Toy Story 2 | Toy Story 3 | Toy Story 4 | Treasure Planet | Turning Red
82%
M 8 Make Mine Music | The Many Adventures of Winnie the Pooh | Meet the Robinsons | Melody Time | Moana | Monsters, Inc | Monsters University | Mulan
81%
S 6 Saludos Amigos | Sleeping Beauty | Snow White and the Seven Dwarfs | Soul | Strange World | The Sword in the Stone
80%
D 2 Dinosaur | Dumbo
77%
E 3 Elemental | The Emperor's New Groove | Encanto
73%
W 4 WALL-E | Winnie the Pooh | Wish | Wreck-It Ralph
72%
Z 1 Zootopia
71%
R 5 Ralph Breaks the Internet | Raya and the Last Dragon | Ratatouille | The Rescuers | The Rescuers Down Under | Robin Hood
67%
H 3 Hercules | Home on the Range | The Hunchback of Notre Dame
65%
O 3 Oliver & Company | One Hundred and One Dalmatians | Onward
59%
I 4 The Incredibles | The Incredibles 2 | Inside Out | Inside Out 2
59%
J 1 The Jungle Book
59%
U 1 Up
59%
G 2 The Good Dinosaur | The Great Mouse Detective
46%
No matching quizzes found
Score Distribution
Percent of People with Each Score
Percentile by Number Answered
Your Score History
You have not taken this quiz since the last reset